Things fall apart / (Record no. 6158)

MARC details
000 -LEADER
fixed length control field 00915nam a2200205Ia 4500
020 ## - INTERNATIONAL STANDARD BOOK NUMBER
ISBN 9780435905255
022 ## - INTERNATIONAL STANDARD SERIAL NUMBER
ISSN 0435905252
050 14 - CALL NUMBER
Classification number PR9387.9.A3
Item number Ac4
100 1# - AUTHOR
Personal name Achebe, Chinua.
245 10 - TITLE
Title Things fall apart /
Statement of responsibility, etc Chinua Achebe.
260 ## - PUBLICATION INFORMATION
Place of publication Oxford ; Portsmouth, N.H., USA :
Name of publisher Heinemann Educational,
Year of publication 1996.
300 ## - DESCRIPTION
Number of Pages 148 pages :
Other physical details illustrations ;
Dimensions 20 cm.
440 ## - SERIES
SERIES African writers series.
505 ## - FORMATTED CONTENTS NOTE
Table of Content Chinua Achebe: A Biographical Note --<br/>Chinua Achebe and the Invention of African Literature / Simon Gikandi --<br/>Igbo Culture and History / Don Ohadike --<br/>Principal Characters in the Novel --<br/>Glossary of Words and Phrases Used in the Text --<br/>Things Fall Apart / Chinua Achebe.
650 #0 - SUBJECTS
Topical Term Nigeria -- Race relations -- . .
General subdivision Fiction
650 #0 - SUBJECTS
Topical Term Igbo (African people) --
General subdivision Fiction
650 #0 - SUBJECTS
Topical Term Men -- Nigeria --
General subdivision Fiction.
700 1# - OTHER AUTHORS
Personal name Okeke, Uche,
942 ## - ADDED ENTRY ELEMENTS (KOHA)
Koha item type Books
Holdings
Withdrawn status Lost status Home library Current library Shelving location Date acquired Full call number Accession Number Koha item type Collection code
    Methodist University Library Main Methodist University Library Main General Stacks 10/12/2007 PR9387.9.A3 Ac4 18806 Books  
    Methodist University Library Main Methodist University Library Main General Stacks 10/12/2007 PR9387.9.A3 Ac4 18807 Books Reference
Copyright © 2026  MUG Library